1217 1371 1599 1831 1655 1486 1594 1907 1120 1498 1923 1071 1528 1426 1691 1605 1122 1635 1276 1520 1102 1174 1682 1129 1467 1237 1213 1706 1393 1497 1174 1993 1078 1017 1091 1285 1543 1891 1541 1027 1647 1396 1574 1601 1234 1050 1201 1706 1669 1635 1261 1956 1380 1028 1866 1929 1321 1372 1427 1862 1072 1070 1955 1553 1499 1384 1108 1564 1185 1410 1649 1563 1663 1865 1910 1751 1638 1255 1597 1215 1997 1857 1940 1593 1013 1175 1341 1632 1675 1093 1222 1566 1665 1452 1629 1359 1266 1730 1638 BCNSPRNW ULIB Ver.6.0+V

เปลี่ยนเป็นภาษาไทย

Change to English
 แสดงรายละเอียดบรรณานุกรม
  กลับหน้าหลัก

Brief Record : Get Marc (ISO 2709) : E-mail record : QR code < ปิดหน้าต่าง
LEADER : 00000nam 2200000uu 4500
001    13399114091
003     ULIB
008    020711s2553 th a 000 0 eng d
020    ^a0323056649
060    ^aWY18.2^bJ29I
100    ^aZerwekh, JoAnn
110    ^aMosby Elsevier
245    ^aIllustrated study guide for the NCLEX-RN exam/^cZerwekh, JoAnn
250    ^a7th ed
260    ^aCanada :^bMosby Elsevier,^c2553
300    ^a620 pages
650    NCLEX-RN
945    ^p1070^l0^i029058
รายการนี้ยังไม่มีแท็ก
คุณยังไม่ได้ล็อกอิน คุณสามารถมีกิจกรรมร่วมกับเว็บไซต์ได้ แต่ต้องล็อกอินก่อน ::
  ล็อกอิน

รายการสื่อสารสนเทศ

ลำดับที่ ประเภท เลขเรียก/บาร์โค้ด สถานที่ สถานะ
- ไม่พบข้อมูล -

รายการใกล้เคียง
    ผู้แต่ง [Zerwekh, JoAnn]

BibComment


ยังไม่เคยถูกคอมเมนท์

คอมเมนท์ทรัพยากรรายการนี้
  คอมเมนท์: Illustrated stud..


 Copyright 2026. Bcnsprnw @Library